000
00272 a2200097 4500
082
_a
624.171 AUT
100
_a
Au, Tung
245
_a
Elementary Structural Mechanics
_c
Tung Au
260
_a
New Jersey :
_b
Prentice Hall of India,
_c
1963
300
_a
521p. :
_b
ill. ;
_c
25 cm
650
_a
Structural Mechanics
999
_c
1239
_d
1239